000 01339nam a22003377a 4500
001 BR8900263
003 BR-BrBNA
005 20230928093129.0
007 ta
008 230509b bl.||||| |||| 00| 0 por d
040 _aBR-BrBNA
_bpor
_cBiblioteca Nacional de Agricultura
041 _a(Por)
072 _aF60; P33
_b1930
_b/G514
090 _ 1930 BR8900263
100 1 _aHass, F.J.
110 1 _aEscola Superior de Agricultura Luiz de Queiroz, Piracicaba, SP (Brasil)
_0Tese (Doutor em Agronomia)
245 1 _aCorrelacoes entre as concentracoes de nutrientes, aluminio e sodio nas folhas de forrageira "coast cross, n. 1" (Cynodon spp.)e a analise fisica e quimica de um latossolo vermelho amarelo, Jaguariuna, Sao Paulo
246 1 _aCorrelations among nutrient concentration, Na and Al in the leaf of coast cross n. 1" (Cynodon spp)and physical and chemical analyses of a typic acrortox soil at Jaguariuna, Sao Paulo, Brazil
260 3 _aPiracicaba, SP (Brasil):
_c1986.
300 _a115 p.
500 _a39 illus.; 34 tables; 40 ref.; Summaries (Eng, Por)
650 _aGRAMINEA FORRAGEIRA
650 _aALUMINIO
650 _aSODIO
650 _aABSORCAO
650 _aANALISE FOLIAR
650 _aPROPRIEDADE FISICO-QUIMICA
650 _aSAO PAULO
909 _a202309
_bLucia
_c55
_dLucia Elande
942 _cBK
999 _c43172
_d43172